Развитие учебно-материальной базы высших учебных заведений г. Иркутска в 1960-1980-е гг.; Известия Томского политехнического университета [Известия ТПУ]; Т. 321, № 6 : Экономика. Философия, социология и культурология. История
| Parent link: | Известия Томского политехнического университета [Известия ТПУ]/ Томский политехнический университет (ТПУ).— , 2000- Т. 321, № 6 : Экономика. Философия, социология и культурология. История.— 2012.— [С. 223-229] |
|---|---|
| Autor principal: | |
| Resumo: | Заглавие с титульного листа Электронная версия печатной публикации На широкой документальной основе дана характеристика развития учебно-материальной базы высшей школы г. Иркутска в 1960-1980-е гг. Подробно рассматривается деятельность центральных и территориальных управленческих структур, вузовских коллективов по обеспечению иркутских вузов учебно-лабораторными зданиями и сооружениями, студенческими общежитиями, жилыми домами для профессорско-преподавательского персонала, предприятиями общественного питания и соцкультбыта. Анализируются трудности и проблемы, сдерживавшие развитие учебно-материальной базы вузов. |
| Idioma: | russo |
| Publicado em: |
2012
|
| Colecção: | История |
| Assuntos: | |
| Acesso em linha: | http://earchive.tpu.ru/bitstream/11683/4606/1/bulletin_tpu-2012-321-6-47.pdf |
| Formato: | Recurso Electrónico Capítulo de Livro |
| KOHA link: | https://koha.lib.tpu.ru/cgi-bin/koha/opac-detail.pl?biblionumber=233689 |
MARC
| LEADER | 00000nla2a2200000 4500 | ||
|---|---|---|---|
| 001 | 233689 | ||
| 005 | 20231031203615.0 | ||
| 035 | |a (RuTPU)RU\TPU\book\254770 | ||
| 035 | |a RU\TPU\book\254768 | ||
| 090 | |a 233689 | ||
| 100 | |a 20130311d2012 k y0rusy50 ca | ||
| 101 | 0 | |a rus | |
| 102 | |a RU | ||
| 135 | |a drnn ---uucaa | ||
| 181 | 0 | |a i | |
| 182 | 0 | |a b | |
| 200 | 1 | |a Развитие учебно-материальной базы высших учебных заведений г. Иркутска в 1960-1980-е гг. |b Электронный ресурс |f В. В. Петрик | |
| 203 | |a Текст |c электронный | ||
| 215 | |a 1 файл (89 Кб) | ||
| 225 | 1 | |a История | |
| 230 | |a Электронные текстовые данные (1 файл : 89 Кб) | ||
| 300 | |a Заглавие с титульного листа | ||
| 300 | |a Электронная версия печатной публикации | ||
| 320 | |a [Библиогр.: с. 229 (42 назв.)] | ||
| 330 | |a На широкой документальной основе дана характеристика развития учебно-материальной базы высшей школы г. Иркутска в 1960-1980-е гг. Подробно рассматривается деятельность центральных и территориальных управленческих структур, вузовских коллективов по обеспечению иркутских вузов учебно-лабораторными зданиями и сооружениями, студенческими общежитиями, жилыми домами для профессорско-преподавательского персонала, предприятиями общественного питания и соцкультбыта. Анализируются трудности и проблемы, сдерживавшие развитие учебно-материальной базы вузов. | ||
| 337 | |a Adobe Reader | ||
| 461 | 1 | |0 (RuTPU)RU\TPU\book\176237 |t Известия Томского политехнического университета [Известия ТПУ] |f Томский политехнический университет (ТПУ) |d 2000- | |
| 463 | 1 | |0 (RuTPU)RU\TPU\book\254614 |x 1684-8519 |t Т. 321, № 6 : Экономика. Философия, социология и культурология. История |v [С. 223-229] |d 2012 |p 264 с. | |
| 610 | 1 | |a высшая школа | |
| 610 | 1 | |a высшие учебные заведения | |
| 610 | 1 | |a учебно-материальная база | |
| 610 | 1 | |a вузовские коллективы | |
| 610 | 1 | |a научно-педагогические кадры | |
| 610 | 1 | |a студенческие общежития | |
| 610 | 1 | |a жилые дома | |
| 610 | 1 | |a территориальные структуры | |
| 610 | 1 | |a управленческие структуры | |
| 610 | 1 | |a центральные структуры | |
| 610 | 1 | |a общественное питание | |
| 610 | 1 | |a предприятия соцкультбыта | |
| 610 | 1 | |a 20 век | |
| 610 | 1 | |a труды учёных ТПУ | |
| 610 | 1 | |a электронный ресурс | |
| 610 | 1 | |a предприятия | |
| 700 | 1 | |a Петрик |b В. В. |c российский ученый, историк |c доктор исторических наук, профессор Томского политехнического университета |f 1960- |g Валерий Владимирович |2 stltpush |3 (RuTPU)RU\TPU\pers\25435 | |
| 801 | 1 | |a RU |b 63413507 |c 20090623 |g PSBO | |
| 801 | 2 | |a RU |b 63413507 |c 20220124 |g PSBO | |
| 856 | 4 | |u http://earchive.tpu.ru/bitstream/11683/4606/1/bulletin_tpu-2012-321-6-47.pdf | |
| 942 | |c CF | ||